Quick Pick: Movie Heroes Quiz Stats

Quiz Updated Apr 2, 2016

Challenge
Share
Tweet
Embed
Score 0/16 Timer 01:30
2 Plays Today
% Correct
Jones
96.8%
Bruce
96.3%
James
96.2%
Parker
95.4%
Stark
91.6%
Finch
89.2%
McClane
85.1%
Ethan
83.1%
% Correct
Wallace
82.6%
Starling
78.8%
Andy
75.3%
Bailey
75.1%
Ellen
75%
Tibbs
71.5%
Rick
71.1%
Phillip
67.5%

Today's Daily Dose

Missing Word
NPR Programs

Quick Pick
1991 Events

On This Day
June 18th II

You're not logged in!

Compare scores with friends on all Sporcle quizzes.
Join for Free
OR
Log In

You Might Also Like...

Show Comments

Extras

Top Quizzes Today


Score Distribution

Your Account Isn't Verified!

In order to create a playlist on Sporcle, you need to verify the email address you used during registration. Go to your Sporcle Settings to finish the process.

Report this User

Report this user for behavior that violates our Community Guidelines.

Details: